00898 2200337 4500001002100000005001500021035002000036007000300056040001700059100002700076245003600103250001200139300003600151020001800187041000800205082001100213084001700224090002100241264004600262336002100308337003000329338002300359500002100382650001000403700003700413850001000450008004100460990001500501990002200516990002200538INLIS00000000000532420260515074617 a0010-0222000414ta aSBPUPADbind0 aDrs.A.JamilePengarang1 aIlmu Falak (Teori dan Aplikasi) a.-cet.1 axii, 338 hal. :bilus. ;c21 cm a979-9392-98-5 aind a297.27 a297.27 JAM C a297.27 JAM c 4-2 a.--Jakarta :bSinar Grafika Offset,c2011 2rdacontentaTeks 2rdamediaaTanpa Perantara 2rdacarrieraVolume aBiografi Penulis 4aAgama aEditor, Achmad ZirzisePengarang aPUPAD260515 0  a17039/2012 a1178/BR/KAPD/2011 a1180/BR/KAPD/2011